01290nam a22003377a 4500003000500000005001700005008004100022010001000063011001000073035001000083040000900093090001000102100004000112245009000152260004000242300002000282502004900302590003700351590004100388590004100429590004100470590004200511650003300553901000700586942000900593949003500602949004000637999001700677952013100694952012700825CHAP20220329135125.0971013s1969 r 00010 d a31306 a32278 a36391 cCHAP aTesis00aCoutiño Arrazola, Eduardo.928667 aComparación de métodos para el cálculo del incremento en bosques de coníferas aChapingo, Méx. :bEl autor,c1969 a118 h.b: ilus. aTesis (Ing. Agr. Esp. en Fitotecnia.) -- ENA aALEPHb10c20130110lUCH01h1253 aBATCH-UPDb10c20130110lUCH01h2118 aBATCH-UPDb10c20130410lUCH01h1429 aBATCH-UPDb10c20130914lUCH01h0711 aCONVERSIONb10c20130109lUCH01h131814aBosquesxIncrementos.914234 aBK cFOLL bBCcTESd-83903eTS1i36391si bBCcTESd-83906eTS2fc.2i36391si c31306d31306 00102local4053708TESISaBCbBCcPA_TESISd2012-12-17fFOLLl0oTesisp-83906r2019-12-31 00:00:00tc.2w2019-12-31yTESIS 00102local4051708TESISaBCbBCcPA_TESISd2012-12-17fTESISl0oTesisp-83903r2019-12-31 00:00:00w2019-12-31yTESIS